LEADER 00837cam0-22003131i-450- 001 990004725910403321 005 20040420160210.0 010 $a3-436-00402-2 035 $a000472591 035 $aFED01000472591 035 $a(Aleph)000472591FED01 035 $a000472591 100 $a19990604d1977----km-y0itay50------ba 101 0 $ager 102 $aDE 105 $a--------000ay 200 1 $a<>gläsernen Ringe$eEine Erzählung$fLuise Rinser 210 $aFrankfurt am Main$cFischer$d1977 215 $a159 p.$d18 cm 225 1 $aFischer Taschenbuch$v393 676 $a833.9 700 1$aRinser,$bLuise$f<1911-2002>$0188484 801 0$aIT$bUNINA$gRICA$2UNIMARC 901 $aBK 912 $a990004725910403321 952 $aTX RI 26$fFLFBC 959 $aFLFBC 996 $aGläsernen ringe$9182650 997 $aUNINA LEADER 01059nam0-22003371i-450- 001 990007152140403321 005 20140519111736.0 010 $a88-7750-377-7 035 $a000715214 035 $aFED01000715214 035 $a(Aleph)000715214FED01 035 $a000715214 100 $a20021021d1996----km-y0itay50------ba 101 0 $aita 102 $aIT 105 $ay-------001yy 200 1 $a<>ragioni dell' integrazione$eInserimento scolastico di alunni con handicap una ricerca in tre aree dell'Unione Europea$fAndrea Canevaro, Emanuela Cocever, Petra Weis 210 $aTorino$cUtet$d1996 215 $aVIII, 213 p.$d21 cm 225 1 $aHandicap ed Europa$fcollana diretta da Mario Tortello 676 $a342$v20$zita 700 1$aCanevaro,$bAndrea$f<1939- >$0144628 702 1$aCocever,$bEmanuela 702 1$aWeis,$bPetra 801 0$aIT$bUNINA$gRICA$2UNIMARC 901 $aBK 912 $a990007152140403321 952 $aX D 21$b2690$fDDCIC 959 $aDDCIC 996 $aRagioni dell' integrazione$9690819 997 $aUNINA